| 000 | 00570nam a22001937a 4500 | ||
|---|---|---|---|
| 003 | OSt | ||
| 005 | 20211210103739.0 | ||
| 008 | 180717b ||||| |||| 00| 0 eng d | ||
| 020 | _a970991256389 | ||
| 040 | _aSEKU | ||
| 050 |
_aHB 172.5 _b.S5 |
||
| 100 | _aShariati, Mehdi S. | ||
| 245 |
_aContemporary macroecomics: _bperspective, principles and policies _c Mehdi S. Shariati |
||
| 260 |
_aAmerica: _bCritical Discourse Press, _c2013. |
||
| 300 |
_a499. : _bill. |
||
| 504 | _aIncludes bibliographical references | ||
| 650 |
_aReligion _xEconomics |
||
| 942 |
_2lcc _cGEN |
||
| 999 |
_c16939 _d16939 |
||